Retos y perspectivas de las ciencias naturales en la escuela secundaria

Shranjeno v:
Bibliografske podrobnosti
Main Authors: Waldegg Casanova, Guillermina (Author), Barahona Echeverría, Ana (Author), Macedo, Beatriz (Author), Sánchez Martínez, Armando (Author)
Format: Knjiga
Jezik:španščina
Izdano: Ciudad de México SEP 2003
Izdaja:1a. ed
Serija:Biblioteca para la Actualización del Maestro
Teme:
Oznake: Označite
Brez oznak, prvi označite!

MARC

LEADER 00000nam a2200000 a 4500
001 UCG0265
003 CL-VaPUC
008 100318e20030000MX |||||||||||||||||spa|d
020 |a 970189975X 
082 0 4 |a 507.2  |b WAL  |2 21 
100 0 |a Waldegg Casanova, Guillermina  |e author  |9 547624 
700 0 |a Barahona Echeverría, Ana  |e author  |9 547625 
700 0 |a Macedo, Beatriz  |e author  |9 547626 
700 0 |a Sánchez Martínez, Armando  |e author  |9 547627 
245 1 0 |a Retos y perspectivas de las ciencias naturales en la escuela secundaria 
250 |a 1a. ed 
300 |a 166 p 
942 |c BK 
945 |d 20100318 00:00:00  |a rbrito 
260 |a Ciudad de México  |b SEP  |c 2003 
650 0 |a Enseñanza de las ciencias  |9 331919 
650 0 |a Formación profesional de profesores  |9 307493 
650 7 |a PROFESORES DE CIENCIAS  |2 CL-VaPUC  |9 547628 
583 |a last modification  |c 20121105 04:48:07  |k Rodrigo Vera 
490 0 |a Biblioteca para la Actualización del Maestro 
999 |c 339953  |d 339951 
952 |0 0  |1 0  |4 0  |6 507_200000000000000_WAL_2003  |7 0  |8 A  |9 434220  |a BIBCUR  |b BIBCUR  |d 2019-11-22  |i 4641019  |o 507.2 WAL 2003  |p 4641019  |r 2025-04-22  |w 2019-11-22  |y BK  |k BCB 
952 |0 0  |1 0  |4 0  |6 507_200000000000000_WAL_2003  |7 0  |8 A  |9 434221  |a BIBCUR  |b BIBCUR  |d 2019-11-22  |i 4641728  |o 507.2 WAL 2003  |p 4641728  |r 2025-04-22  |w 2019-11-22  |y BK  |k BCB 
952 |0 0  |1 0  |4 0  |6 507_200000000000000_WAL_2003  |7 0  |8 A  |9 434222  |a BIBCUR  |b BIBCUR  |d 2019-11-22  |i 4641736  |o 507.2 WAL 2003  |p 4641736  |r 2025-04-22  |w 2019-11-22  |y BK  |k BCB